Flagi państw Europejskich (Bardzo Trudne +) - Statystyki

Ogólne statystyki
  • Ten quiz został rozwiązany 912 razy
    312 od ostatniego zresetowania
  • Średni wynik to 44 z 92
Statystyki odpowiedzi
Obrazkowy Odpowiedź % Poprawnych
Albania
71%
Czechy
71%
Rumunia
71%
Szwajcaria
71%
Cypr
70%
Francja
70%
Holandia
70%
Polska
70%
Słowacja
70%
Turcja
70%
Ukraina
70%
Włochy
70%
Dania
69%
Estonia
69%
Finlandia
69%
Grecja
69%
Hiszpania
69%
Islandia
69%
Kazachstan
69%
Kosowo
69%
Malta
69%
Niemcy
69%
San Marino
69%
Szwecja
69%
Austria
68%
Belgia
68%
Białoruś
68%
Chorwacja
68%
Litwa
68%
Norwegia
68%
Portugalia
68%
Rosja
68%
Watykan
68%
Wielka brytania
68%
Irlandia
67%
Serbia
67%
Słowenia
67%
Szkocja
67%
Walia
67%
Gruzja
66%
Łotwa
66%
Luksemburg
66%
Macedonia Północna
66%
Mołdawia
66%
Węgry
66%
Bułgaria
65%
Liechtenstein
65%
Anglia
64%
Bośnia i Hercegowina
64%
Czarnogóra
64%
Armenia
62%
Monako
62%
Wyspy Owcze
61%
Andora
60%
Azerbejdżan
59%
Wyspa Man
56%
Gibraltar
52%
Katalonia
49%
Irlandia Północna
46%
Cypr Północny
44%
Bawaria
43%
Sycylia
39%
Jersey
37%
Naddniestrze
36%
Wyspy Alandzkie
36%
Abchazja
34%
Kraj Basków
30%
Sardynia
29%
Guernsey
28%
Osetia
28%
Czeczenia
22%
Tatarstan
18%
Dagestan
10%
Gagauzja
8%
Mordowia
8%
Adżaria
7%
Karelia
7%
Mari El
7%
Wojwodina
7%
Inguszetia
6%
Oksytania
6%
Udmurcja
6%
Adygeja
5%
Dolina Aosty
5%
Komi
5%
Czuwaszja
4%
Trydent-Górna Adyga
4%
Kałmucja
3%
Baszkortostan
2%
Friuli-Wenecja Julijska
2%
Karaczajo-Czerkiesja
2%
Kabardo-Bałkaria
1%
Nie znaleziono quizów pasujących do podanych kryteriów
Rozkład punktacji
Procent ludzi z każdym wynikiem
Percentyl według liczby udzielonych odpowiedzi
Twoja historia wyników
Nie rozwiązałeś tego quizu od ostatniego zresetowania